Philosophie de l'experience / (Record no. 84342)

MARC details
000 -LEADER
campo de control de longitud fija 00721nam a2200229 i 4500
001 - NÚMERO DE CONTROL
campo de control 84342
003 - IDENTIFICADOR DE NÚMERO DE CONTROL
campo de control ES-MaACL
005 - FECHA Y HORA DE LA ÚLTIMA TRANSACCIÓN
campo de control 20250926063052.0
007 - CAMPO FIJO DE DESCRIPCIÓN FÍSICA--INFORMACIÓN GENERAL
campo de control de longitud fija t|
008 - DATOS DE LONGITUD FIJA--INFORMACIÓN GENERAL
campo de control de longitud fija 041122s1910 fr ||||1| fre d
100 1# - ENTRADA PRINCIPAL--NOMBRE DE PERSONA
Nombre de persona James, William,
Fechas asociadas al nombre 1842-1910
9 (RLIN) 65978
245 10 - MENCIÓN DEL TÍTULO
Título Philosophie de l'experience /
Mención de responsabilidad, etc. William James ; traduit par E. Le Brun et M. Paris.
260 ## - PUBLICACIÓN, DISTRIBUCIÓN, ETC.
Lugar de publicación, distribución, etc. Paris :
Nombre del editor, distribuidor, etc. Ernest Flammarion,
Fecha de publicación, distribución, etc. 1910 (
Fabricante Hemmerlé)
300 ## - DESCRIPCIÓN FÍSICA
Extensión 368, 8 p. ;
Dimensiones 18 cm.
490 1# - MENCIÓN DE SERIE
Mención de serie Bibliothèque scientifique
650 07 - PUNTO DE ACCESO ADICIONAL DE MATERIA--TÉRMINO DE MATERIA
Término de materia o nombre geográfico como elemento de entrada Pragmatismo
Fuente del encabezamiento o término embne
9 (RLIN) 16336
700 1# - ENTRADA AGREGADA--NOMBRE PERSONAL
Nombre de persona Le Brun, E.
9 (RLIN) 70851
700 1# - ENTRADA AGREGADA--NOMBRE PERSONAL
Nombre de persona Paris, M.
9 (RLIN) 89139
830 0# - PUNTO DE ACCESO ADICIONAL DE SERIE-TÍTULO UNIFORME
Título uniforme Bibliothèque scientifique
9 (RLIN) 181657
852 ## - LOCALIZACIÓN
Ubicación ES-MaACL
Número de control de estantería F-6106
Holdings
Estatus retirado Estado de pérdida Estado de daño No para préstamo Biblioteca de origen Biblioteca actual Ubicación en estantería Fecha de adquisición Fuente de adquisición Total de préstamos Signatura topográfica completa Código de barras Visto por última vez Precio de reemplazo Tipo de ítem Koha
        Biblioteca del Ateneo de Madrid Biblioteca del Ateneo de Madrid Depósito 2 17/01/2008     F-6106 1088144 23/02/2023 23/02/2023 Libro impreso